1935 1295 1613 1131 1353 1830 1509 1076 1091 1123 1379 1922 1893 1613 1686 1491 1433 1978 1178 1460 1714 1415 1953 1372 1409 1476 1273 1885 1922 1298 1033 1227 1576 1513 1313 1284 1263 1249 1190 1260 1117 1388 1132 1556 1769 1661 1643 1269 1093 1973 1756 1433 1957 1235 1303 1747 1230 1812 1406 1416 1220 1978 1966 1082 1029 1465 1311 1805 1580 1414 1534 1304 1294 1126 1482 1876 1621 1567 1100 1646 1704 1916 1008 1282 1759 1472 1857 1057 1891 1851 1727 1075 1579 1935 1290 1810 1692 1008 1445 BCNSPRNW ULIB Ver.6.0+V

เปลี่ยนเป็นภาษาไทย

Change to English
 แสดงรายละเอียดบรรณานุกรม
  กลับหน้าหลัก

Brief Record : Get Marc (ISO 2709) : E-mail record : QR code < ปิดหน้าต่าง
LEADER : 00000nam 2200000uu 4500
001    13399122537
003     ULIB
008    020711s2547 th a 000 0 tha d
020    9749581571
020    9789749581575
090    นว.^bก111ส
100    กัณหา แก้วไทย^eแปล
245    7สหายนักสืบ ตอน กล้องส่องทางไกล/^cกัณหา แก้วไทย
260    กรุงเทพฯ :^bแก้วกานต์,^c2547
300    138 หน้า
945    ^p60^l0^i19987
999    ^aทศพร เกษรทอง
รายการนี้ยังไม่มีแท็ก
คุณยังไม่ได้ล็อกอิน คุณสามารถมีกิจกรรมร่วมกับเว็บไซต์ได้ แต่ต้องล็อกอินก่อน ::
  ล็อกอิน

รายการสื่อสารสนเทศ

ลำดับที่ ประเภท เลขเรียก/บาร์โค้ด สถานที่ สถานะ
1. นวนิยาย
นวนิยาย
นว. ก111ส ฉ.1 
  Barcode: 19987
ห้องสมุดวิทยาเขตสวรรค์ประชารักษ์
►นวนิยาย
บนชั้น
  ขอยืม

BibComment


ยังไม่เคยถูกคอมเมนท์

คอมเมนท์ทรัพยากรรายการนี้
  คอมเมนท์: 7สหายนักสืบ ตอน ก..


 Copyright 2026. Bcnsprnw @Library